| 000 | 00467nam a2200181Ia 4500 | ||
|---|---|---|---|
| 008 | 230524s9999 xx 000 0 und d | ||
| 020 | _a8125912762 | ||
| 082 |
_a510 _bSUN |
||
| 100 |
_aV.Sundaram _98171 |
||
| 245 | 0 | _aEngineering Mathematics | |
| 250 | _a1ST | ||
| 260 |
_aNEW DELHI _bVikas _c2001 |
||
| 300 | _aXI;359 | ||
| 500 | _aQuantity Number: 1 | ||
| 650 | _aMathematics | ||
| 700 |
_a" R.Balasubramanain , K.A.Lakshminarayanan,,," _98172 |
||
| 942 | _cBK | ||
| 999 |
_c11406 _d11406 |
||